Statistiques concernant Les préfectures des régions françaises

Cliquez ici pour prendre le quiz!

Statistiques générales

  • Ce quiz a été pris 80 fois
  • Le résultat moyen est 11 sur 12

Statistiques - réponses

RégionPréfecture% Correct
Ile de FranceParis
100%
Hauts de FranceLille
100%
Auvergne-Rhône-AlpesLyon
100%
Grand EstStrasbourg
99%
Provence-Alpes-Côte d'AzurMarseille
99%
Nouvelle AquitaineBordeaux
99%
BretagneRennes
95%
OccitanieToulouse
93%
Pays de la LoireNantes
90%
NormandieRouen
84%
Centre-Val de LoireOrléans
84%
Bourgogne-Franche ComtéBesançon
60%

Distribution des résultats

Percentile par nombre de réponses

% des personnes avec chaque résultat

Votre développement - résultats

Vous n’avez pas pris ce quiz